00720cam a2200205 a 450000100100000000500170001000800410002704000250006808200180009310000300011124500410014126000350018230000170021749000350023450000420026950501180031165000220042965000260045183000370047700001840120200929165507.0780306s1941 sp b 000 p spa d aDO-SdBNPbspacBNPHU a861.3bV422po1 aVega, Lope de,d1562-163510aPoesías líricas /cLope de Vega. aMadrid :bEspasa-Calpe,c1941. av. ;c20 cm. aClásicos castellanosv68, 75 aLa biblioteca posse el volumen 1 y 2.0 gv.1.tPrimeros romances. Letras para cantar. Sonetos --gv.2.tCanciones. Epístolas. Romances. Poemas diversos. 4aPoesía lírica 4aLiteratura española 0aClásicos castellanos ;v68, 75